ბათუმის შოთა რუსთაველის სახელმწიფო უნივერსიტეტის ბიბლიოთეკა

სისხლის სამართლის ზოგადი ნაწილი (ბიბ.ჩანაწერი № 44006)

000 -LEADER
fixed length control field 01259nam a2200253Ia 4500
001 - CONTROL NUMBER
control field 10756
003 - CONTROL NUMBER IDENTIFIER
control field GE_BSU
008 - FIXED-LENGTH DATA ELEMENTS--GENERAL INFORMATION
fixed length control field 181216s||||||||xx |||||||||||||| ||und||
020 ## - INTERNATIONAL STANDARD BOOK NUMBER
International Standard Book Number 9789941107863
040 ## - CATALOGING SOURCE
Transcribing agency GE_BSU
080 ## - UNIVERSAL DECIMAL CLASSIFICATION NUMBER
Universal Decimal Classification number 343(075)+343(479.22)
100 ## - MAIN ENTRY--PERSONAL NAME
Personal name დვალიძე,ირაკლი
245 ## - TITLE STATEMENT
Title სისხლის სამართლის ზოგადი ნაწილი
245 ## - TITLE STATEMENT
Remainder of title სასჯელი და დანაშაულის სხვა სისხლის სამართლებრივი შედეგები.
245 ## - TITLE STATEMENT
Statement of responsibility, etc. რედ:გურამ ნაჭყებია; ლავრენტი მაღლაკელიძე.
260 ## - PUBLICATION, DISTRIBUTION, ETC.
Place of publication, distribution, etc. თბილისი
260 ## - PUBLICATION, DISTRIBUTION, ETC.
Name of publisher, distributor, etc. მერიდიანი
260 ## - PUBLICATION, DISTRIBUTION, ETC.
Date of publication, distribution, etc. 2013
300 ## - PHYSICAL DESCRIPTION
Extent 268გვ;20სმ.
300 ## - PHYSICAL DESCRIPTION
Accompanying material ბიბლიოგრაფია ტექსტის შენიშვნები.
653 ## - INDEX TERM--UNCONTROLLED
Uncontrolled term სისხლის სამართლის ზოგადი ნაწილი:სასჯელი და დანაშაულის სხვა სისხლისსამართლებრივი შედეგები.
942 ## - ADDED ENTRY ELEMENTS (KOHA)
Koha item type წიგნი
ეგზემპლარები
Withdrawn status Lost status Damaged status Not for loan Date acquired Barcode Date last seen Price effective from Koha item type
        2018-12-17 35120 2018-12-17 2018-12-17 წიგნი
        2018-12-17 35121 2018-12-17 2018-12-17 წიგნი
        2018-12-17 35122 2018-12-17 2018-12-17 წიგნი